Najviac chutí jablko. Nahryznuté
Apple na čele rebríčka hodnoty značiek. Spoločnosť Apple porazila Coca-Colu po trinástich rokoch. Skokani roka 2013. Hodnota značiek (2005-2013). Hodnotenie značiek spoločnosťou Interbrand a Millward Brown.
Guardado en:
| Autor principal: | |
|---|---|
| Formato: | Capítulo de libro |
| Lenguaje: | eslovaco |
| Materias: | |
| Etiquetas: |
Sin Etiquetas, Sea el primero en etiquetar este registro!
|
MARC
| LEADER | 00000naa a2200000 4500 | ||
|---|---|---|---|
| 001 | 0177602 | ||
| 005 | 20231113081819.9 | ||
| 041 | 0 | |a slo | |
| 044 | |a SK | ||
| 245 | 1 | 0 | |a Najviac chutí jablko. Nahryznuté |c Marek Legéň |
| 520 | |a Apple na čele rebríčka hodnoty značiek. Spoločnosť Apple porazila Coca-Colu po trinástich rokoch. Skokani roka 2013. Hodnota značiek (2005-2013). Hodnotenie značiek spoločnosťou Interbrand a Millward Brown. | ||
| 610 | 2 | 0 | |a značky výrobné |
| 610 | 2 | 0 | |a značky výrobkov |
| 610 | 2 | 0 | |a hodnota |
| 610 | 2 | 0 | |a technológie informačné |
| 610 | 2 | 0 | |a technológie komunikačné |
| 100 | 1 | |a Legéň, Marek | |